| 000 | 00958nam a22002537a 4500 | ||
|---|---|---|---|
| 005 | 20240530110619.0 | ||
| 008 | 161207s2014 iy ao g b 000 0dara d | ||
| 017 |
_a1433/7948 _bالسعودية . مكتبة الملك فهد |
||
| 020 | _a978603812036 | ||
| 040 | _aEG-CaGPL | ||
| 082 | 0 | 4 |
_221 _a155.916\ _bم ع |
| 100 | 0 | _aمها الصادق البشير . | |
| 245 | 1 | 0 |
_aعلم نفس النمو لذوي الاحتياجات الخاصة / _cمها الصادق البشير |
| 250 | _aط. 1 | ||
| 260 |
_aالرياض : _bدار الزهراء للنشر والتوزيع ، _c2014 |
||
| 300 |
_a2 جزء ؛ _c24 سم. |
||
| 504 | _aببليوجرافية : ص1037 - 1047 | ||
| 650 | 0 | 7 |
_2qrmak _aالاطفال _xعلم النفس |
| 650 | 0 | 7 |
_2qrmak _aعلم نفس الطفل |
| 650 | 0 | 7 |
_2qrmak _aعلم نفس النمو |
| 650 | 0 | 7 |
_2qrmak _aالاطفال _xنمو |
| 942 |
_2ddc _cBK |
||
| 999 |
_c63010 _d63010 |
||